Southville International School and Colleges
Your cart is empty.
  • Cart
  • Lists
    Public lists list_1 View all
    Your lists Log in to create your own lists
  • Log in to your account
  • Your cookies
  • Search history
Southville International School and Colleges
  • Advanced search
  • Recent comments
  • Most popular
  • Libraries

Log in to your account

Log in with GOOGLE


If you do not have an external account, but do have a local account, you can still log in:

  1. Home
  2. MARC view: Robin Hood /
Normal view MARC view ISBD view

Robin Hood / (Record no. 112051)

[ view plain ]
MARC details
000 -LEADER
fixed length control field 00536nam a2200169 a 4500
001 - CONTROL NUMBER
control field 1529
005 - DATE AND TIME OF LATEST TRANSACTION
control field 20140414131927.0
008 - FIXED-LENGTH DATA ELEMENTS--GENERAL INFORMATION
fixed length control field 001120s19uu xx 00 eng d
050 ## - LIBRARY OF CONGRESS CALL NUMBER
Classification number ER
Item number R55 1990
100 ## - MAIN ENTRY--PERSONAL NAME
Personal name McSpadden, J. Walker
245 ## - TITLE STATEMENT
Title Robin Hood /
Statement of responsibility, etc illustrated by Greg Hilderbrandt ; adapted from the novel by J. Walker McSpadden.
260 ## - PUBLICATION, DISTRIBUTION, ETC. (IMPRINT)
Place of publication, distribution, etc New Jersey :
Name of publisher, distributor, etc The Unicorn Pub. House,
Date of publication, distribution, etc 1990.
300 ## - PHYSICAL DESCRIPTION
Extent 1 v.p. : ill., col. ; cm.
650 ## - SUBJECT ADDED ENTRY--TOPICAL TERM
Topical term or geographic name as entry element Robin Hood (Legendary Character).
650 ## - SUBJECT ADDED ENTRY--TOPICAL TERM
Topical term or geographic name as entry element Folktales.
Holdings
Withdrawn status Lost status Damaged status Use restrictions Home library Current library Shelving location Date acquired Source of acquisition Total Checkouts Full call number Barcode Date last seen Price effective from Koha item type
        Munich Library Munich Library Easy Reading Section 12/22/2004     ER R55 1990 M3063 04/14/2014 04/14/2014 Books

Robin Hood /

APA

McSpadden J. W., . (1990). Robin Hood. New Jersey: The Unicorn Pub. House.

Chicago

McSpadden J Walker, . 1990. Robin Hood. New Jersey: The Unicorn Pub. House.

Harvard

McSpadden J. W., . (1990). Robin Hood. New Jersey: The Unicorn Pub. House.

MLA

McSpadden J Walker, . Robin Hood. New Jersey: The Unicorn Pub. House. 1990.

  • Place hold
  • Print
  • Cite
  • Add to your cart (remove)
  • Save record
    BIBTEX Dublin Core MARCXML MARC (non-Unicode/MARC-8) MARC (Unicode/UTF-8) MARC (Unicode/UTF-8, Standard) MODS (XML) RIS
  • More searches
    Search for this title in:
    Other Libraries (WorldCat) Other Databases (Google Scholar) Online Stores (Bookfinder.com) Open Library (openlibrary.org)

Exporting to Dublin Core...

SOUTHVILLE LIBRARY

Southville International School and Colleges Library

1281 Tropical Ave. Cor. Luxembourg St., BF Homes International, Las Pinas City

Tel. No. 8256374 / 252358 Loc. 117/146

Powered by Koha